000
00269nam a22001217a 4500
008
180813b xxu||||| |||| 00| 0 eng d
041
_a
eng
080
_a
575
100
_a
5
101
_a
BIO
245
_a
Principles of Biochemistry
_c
Lehninger,A.L
942
_2
udc
_c
BK
999
_c
47041
_d
47041